000 00777nam a2200301Ia 4500
001 6695
005 20240113233934.0
007 ta
008 050630s1950 a g b000 u eng u
020 _cPB
040 _aCotton College Assam
041 _aeng
082 _a311.22
_bD 395 So
100 _aDeming, William Edwards .
245 0 _aSome Theory of Sampling /
_cWilliam Edwards Deming.
_hTextual Documents
250 _a1st ed. /
260 _aNew York :
_bDover Publications Inc. ,
_c1950.
300 _axvii, 602p. :
_bill. ;
_c22cm .
504 _aIndex
653 _aStatistics-Sampling
653 _aSampling
653 _aG-Statistics
942 _2ddc
_cBK
999 _c6682
_d6682